Zahranično-obchodné vzťahy a vnútorná ochrana agrárneho trhu.

Protokol o účasti Slovenskej a Českej republiky v GATT. 1. marca 1993 - vytvorenie regionálneho ekonomického zoskupenia - CEFTA (stredoeurópska oblasť voľného obchodu) medzi Poľskom, Maďarskom, Českou republikou a Slovenskou republikou. Medzi ČR a SR je uzatvorená dohoda o colnej únii. Opatrenia na...

Ausführliche Beschreibung

Gespeichert in:
Bibliographische Detailangaben
1. Verfasser: Árendáš, Marek
Format: Buchkapitel
Sprache:Slowakisch
Schlagworte:
Tags: Tag hinzufügen
Keine Tags, Fügen Sie das erste Tag hinzu!

MARC

LEADER 00000naa a2200000 4500
001 r013092
005 20221213122727.6
041 0 |a slo 
044 |a SK 
245 1 0 |a Zahranično-obchodné vzťahy a vnútorná ochrana agrárneho trhu.  |c Marek Árendáš 
520 |a Protokol o účasti Slovenskej a Českej republiky v GATT. 1. marca 1993 - vytvorenie regionálneho ekonomického zoskupenia - CEFTA (stredoeurópska oblasť voľného obchodu) medzi Poľskom, Maďarskom, Českou republikou a Slovenskou republikou. Medzi ČR a SR je uzatvorená dohoda o colnej únii. Opatrenia na ochranu poľnohospodárskeho trhu. 
610 2 0 |a GATT 
610 2 0 |a Slovensko 
610 2 0 |a Čechy 
610 2 0 |a oblasti obchodu voľného 
610 2 0 |a PR 
610 2 0 |a MR 
610 2 0 |a CEFTA 
100 1 |a Árendáš, Marek